00313nam a2200121Ia 4500008004100000100002100041245004500062260003700107300001200144650001300156942000700169999001500176190216s9999||||xx |||||||||||||| ||und|| aPrasanna Chandra 0aFunadamentals Of Finanacial Management bTata Mcgrawhill Publishersc1993 a30.13p[ aCommerce cBK c6217d6217